000 00389nam a22001337a 4500
082 _a200 THE
100 _aMuhammad Raza Ahmed Khan
_969416
245 _aTH-SOF-1574-Design of Universal Joints for Heavy Loads
260 _aISLAMABAD
_bNUST COLLEGE OF EME
_c2018
300 _bCD
650 _aMS-MECH-80 MSTHESIS
_969417
700 _aAdvisor DR. Hasan Aftab Saeed
_969418
942 _cCF
999 _c576706
_d576706